Welcome to the Holygrace Academy Library

Please use search bar below to get started

BLINK (Record no. 5767)

MARC details
000 -LEADER
fixed length control field 00295nam a22001337a 4500
020 ## - INTERNATIONAL STANDARD BOOK NUMBER
ISBN 978-0-141-01459-3
082 ## - DEWEY DECIMAL CLASSIFICATION NUMBER
Classification number 158
Item number GLA/B
100 ## - MAIN ENTRY--AUTHOR NAME
Personal name GLADWELL,MALCOLM
245 ## - TITLE STATEMENT
Title BLINK
260 ## - PUBLICATION, DISTRIBUTION, ETC. (IMPRINT)
Place of publication NEWYORK
Name of publisher PENGUINBOOKS
300 ## - PHYSICAL DESCRIPTION
Number of Pages 277
650 ## - SUBJECT ADDED ENTRY--TOPICAL TERM
Topical Term PERSONALITY DEVELOPMENT
Geographic subdivision NEWYORK
942 ## - ADDED ENTRY ELEMENTS (KOHA)
Koha item type Books
Holdings
Withdrawn status Lost status Collection code Home library Current library Shelving location Date acquired Source of acquisition Full call number Accession Number Koha item type
    Reference Main Library Main Library SHELF-17G-PERSONALITY DEVELOPMENT BOOKS 27/09/2016 PURCHASE 158 GLA/B 09760 Books